| 000 | 00593nam a2200217 a 4500 | ||
|---|---|---|---|
| 001 | BRCA_5911 | ||
| 005 | 20190320205248.0 | ||
| 008 | 180311t1911----fr-#######---#000-0#spa-# | ||
| 041 |
_afre _hspa |
||
| 044 | _afr | ||
| 050 | 4 |
_aD511 _b.D45 _c1911 |
|
| 100 | 1 |
_aDelaisi, Francis _914944 |
|
| 245 | 1 | 0 |
_aLa guerre qui vient _bVersión en español: La Guerra que se avecina. |
| 260 |
_aParis _bGuerre Sociale _c1911 |
||
| 300 |
_a51 p. _c16 cm. |
||
| 500 | _aH148 | ||
| 650 | 1 | 4 |
_aGuerra Europea _y1914-1918 _914945 |
| 651 | 4 |
_aEuropa _xPolítica _y1871 _914946 |
|
| 902 | _aGFM | ||
| 942 |
_2lcc _cB |
||
| 999 |
_c5600 _d5600 |
||